[Event "AUT-chT 2324"]
[Site "Austria"]
[Date "2024.03.23"]
[Round "10.6"]
[White "Jablonicky, Martin"]
[Black "Buhmann, Rainer"]
[Result "1/2-1/2"]
[WhiteElo "2393"]
[BlackElo "2568"]
[PlyCount "46"]
[EventDate "2023.11.22"]
[EventType "team-tourn"]
[EventRounds "11"]
[EventCountry "AUT"]
[SourceTitle "CB13_2024"]
[SourceDate "2024.03.27"]
[SourceVersion "1"]
[SourceVersionDate "2024.03.27"]
[SourceQuality "1"]
[WhiteTeam "Mistelbach"]
[BlackTeam "Jenbach"]
[WhiteTeamCountry "AUT"]
[BlackTeamCountry "AUT"]

1. e4 e6 2. d4 d5 3. exd5 exd5 4. Nf3 Nf6 5. Bd3 c5 6. 0-0 c4 7. Re1+ Be7 8. Bf1 0-0 9. b3 cxb3 10. axb3 Bg4 11. Rxe7 Qxe7 12. Ba3 Qe4 13. Bxf8 Bxf3 14. gxf3 Qg6+ 15. Kh1 Kxf8 16. Qd2 Qf5 17. Qb4+ Kg8 18. Qxb7 Qxf3+ 19. Kg1 Qg4+ 20. Bg2 Qd1+ 21. Bf1 Qg4+ 22. Bg2 Qd1+ 23. Bf1 Qg4+ 1/2-1/2

[Event "AUT-chT 2324"]
[Site "Austria"]
[Date "2023.11.24"]
[Round "4.5"]
[White "Peyrer, Konstantin"]
[Black "Buhmann, Rainer"]
[Result "1/2-1/2"]
[WhiteElo "2447"]
[BlackElo "2567"]
[PlyCount "79"]
[EventDate "2023.11.22"]
[EventType "team-tourn"]
[EventRounds "11"]
[EventCountry "AUT"]
[SourceTitle "CB48_2023"]
[SourceDate "2023.11.29"]
[SourceVersion "1"]
[SourceVersionDate "2023.11.29"]
[SourceQuality "1"]
[WhiteTeam "Ottakring"]
[BlackTeam "Jenbach"]
[WhiteTeamCountry "AUT"]
[BlackTeamCountry "AUT"]

1. d4 d5 2. c4 e6 3. Nf3 Nf6 4. g3 Be7 5. Bg2 0-0 6. Nc3 c6 7. 0-0 a5 8. Bf4 dxc4 9. Ne5 Nd5 10. Nxc4 Nd7 11. Rc1 Nxf4 12. gxf4 Nf6 13. Ne5 Nd5 14. e3 Bd7 15. Nxd7 Qxd7 16. Ne4 Kh8 17. Nd2 Bd6 18. Kh1 Rg8 19. Nf3 f6 20. Qe2 Raf8 21. Nd2 Qe7 22. Qg4 g6 23. Bh3 Re8 24. Nc4 Bc7 25. Rg1 Nb4 26. a3 Nd3 27. Rc2 b5 28. Nxa5 Bxa5 29. Qe2 Nxf4 30. exf4 Qd6 31. Qe4 Bb6 32. Rxc6 Qxd4 33. Qxd4 Bxd4 34. Bxe6 Rg7 35. b4 Rge7 36. f5 Bxf2 37. Rd1 Ra8 38. Rd3 gxf5 39. Kg2 Bh4 40. Bxf5 1/2-1/2

[Event "AUT-chT 2223"]
[Site "Austria"]
[Date "2023.04.13"]
[Round "9.6"]
[White "Kruckenhauser, Arthur"]
[Black "Buhmann, Rainer"]
[Result "1/2-1/2"]
[WhiteElo "2343"]
[BlackElo "2559"]
[PlyCount "130"]
[EventDate "2022.11.03"]
[EventType "team-tourn"]
[EventRounds "11"]
[EventCountry "AUT"]
[SourceTitle "EXT 2024"]
[Source "ChessBase"]
[SourceDate "2023.10.10"]
[SourceVersion "1"]
[SourceVersionDate "2023.10.10"]
[SourceQuality "1"]
[WhiteTeam "Schach ohne Grenzen"]
[BlackTeam "Jenbach"]
[WhiteTeamCountry "AUT"]
[BlackTeamCountry "AUT"]

1. e4 e6 2. d4 d5 3. Nd2 c5 4. Ngf3 cxd4 5. Nxd4 Nf6 6. exd5 Nxd5 7. N2f3 Bb4+ 8. Bd2 0-0 9. Bxb4 Nxb4 10. c3 Nd5 11. Bc4 Nc6 12. Nxc6 bxc6 13. 0-0 Bb7 14. Re1 c5 15. Qe2 Nf4 16. Qe5 Qf6 17. Qxf6 gxf6 18. Nh4 Rfd8 19. Rad1 Rab8 20. g3 Ng6 21. Nxg6 hxg6 22. Be2 Bd5 23. b3 Kf8 24. Rd2 Ke7 25. Red1 Rh8 26. c4 Bc6 27. Rd6 Rhc8 28. Bf1 Rb6 29. Bg2 Be8 30. Rxb6 axb6 31. Kf1 f5 32. Ke2 f6 33. Kd2 Bd7 34. Kc3 Rh8 35. Rh1 f4 36. a3 Kd6 37. b4 Bc6 38. Bxc6 Kxc6 39. Re1 fxg3 40. hxg3 e5 41. b5+ Kd6 42. a4 Rh2 43. Rd1+ Kc7 44. Rd2 e4 45. Re2 f5 46. Kd2 Rh1 47. Re1 Rh8 48. Kc2 Rh2 49. Re2 Rh1 50. g4 Ra1 51. gxf5 gxf5 52. Kb3 Kd6 53. Rd2+ Ke6 54. Rd8 f4 55. Ra8 f3 56. Kb2 Rd1 57. Re8+ Kf5 58. Kc2 Ra1 59. Kb3 Rb1+ 60. Kc3 Rb4 61. Ra8 Kf4 62. Rf8+ Kg4 63. Re8 Kf5 64. Ra8 Rb1 65. Kc2 Rb4 1/2-1/2

[Event "Bundesliga 2223"]
[Site "Germany"]
[Date "2023.04.01"]
[Round "12.4"]
[White "Buhmann, Rainer"]
[Black "Lampert, Jonas"]
[Result "1/2-1/2"]
[WhiteElo "2561"]
[BlackElo "2537"]
[PlyCount "52"]
[EventDate "2022.10.21"]
[EventType "team-tourn"]
[EventRounds "15"]
[EventCountry "GER"]
[SourceTitle "CBM 213 Extra"]
[Source "ChessBase"]
[SourceDate "2023.05.31"]
[SourceVersion "1"]
[SourceVersionDate "2023.05.31"]
[SourceQuality "1"]
[WhiteTeam "Viernheim"]
[BlackTeam "Hamburger SK"]
[WhiteTeamCountry "GER"]
[BlackTeamCountry "GER"]

1. d4 d5 2. Nf3 Nf6 3. c4 c6 4. e3 e6 5. b3 c5 6. dxc5 Bxc5 7. Nbd2 0-0 8. Bb2 Nc6 9. a3 b6 10. b4 Be7 11. Be2 Bb7 12. 0-0 Rc8 13. Qb1 Qc7 14. Rc1 Qb8 15. cxd5 Nxd5 16. Ne4 h6 17. Ng3 Nf6 18. Bc3 Nd5 19. Bb2 Nf6 20. Ra2 Rfd8 21. Bc3 Ng4 22. Rac2 Bf6 23. Qb2 Bxc3 24. Rxc3 Nf6 25. R3c2 Ne7 26. Rxc8 Rxc8 1/2-1/2

[Event "AUT-chT 2223"]
[Site "Austria"]
[Date "2023.03.26"]
[Round "8.2"]
[White "Buhmann, Rainer"]
[Black "Froewis, Georg"]
[Result "1/2-1/2"]
[WhiteElo "2559"]
[BlackElo "2456"]
[PlyCount "34"]
[EventDate "2022.11.03"]
[EventType "team-tourn"]
[EventRounds "11"]
[EventCountry "AUT"]
[SourceTitle "CBM 213 Extra"]
[Source "ChessBase"]
[SourceDate "2023.05.31"]
[SourceVersion "1"]
[SourceVersionDate "2023.05.31"]
[SourceQuality "1"]
[WhiteTeam "Jenbach"]
[BlackTeam "Ottakring"]
[WhiteTeamCountry "AUT"]
[BlackTeamCountry "AUT"]

1. d4 d5 2. Nf3 Nf6 3. c4 e6 4. g3 dxc4 5. Bg2 c6 6. a4 Bb4+ 7. Bd2 a5 8. 0-0 b6 9. Qc2 Ba6 10. Rd1 0-0 11. Ne5 Bxd2 12. Rxd2 Nd5 13. Nxc4 Nb4 14. Qc3 Nd5 15. Qc2 Nb4 16. Qc3 Nd5 17. Qc2 Nb4 1/2-1/2

[Event "AUT-chT 2223"]
[Site "Austria"]
[Date "2023.03.23"]
[Round "5.6"]
[White "Buhmann, Rainer"]
[Black "Freitag, Manfred"]
[Result "1/2-1/2"]
[WhiteElo "2559"]
[BlackElo "2360"]
[PlyCount "62"]
[EventDate "2022.11.03"]
[EventType "team-tourn"]
[EventRounds "11"]
[EventCountry "AUT"]
[SourceTitle "CBM 213 Extra"]
[Source "ChessBase"]
[SourceDate "2023.05.31"]
[SourceVersion "1"]
[SourceVersionDate "2023.05.31"]
[SourceQuality "1"]
[WhiteTeam "Jenbach"]
[BlackTeam "Fuerstenfeld/Hartberg"]
[WhiteTeamCountry "AUT"]
[BlackTeamCountry "AUT"]

1. d4 d5 2. Nf3 Nf6 3. c4 e6 4. Nc3 c6 5. e3 Nbd7 6. Qc2 Bd6 7. a4 0-0 8. Be2 e5 9. cxd5 Nxd5 10. 0-0 Nb4 11. Qb3 a5 12. Ne4 Bc7 13. Bd2 Qe7 14. Bxb4 Qxb4 15. Qxb4 axb4 16. Bc4 exd4 17. exd4 Nb6 18. Bb3 Bf5 19. Nc5 Ra7 20. Nh4 Bc8 21. Rfe1 Bd6 22. Ne4 Bc7 23. Nf3 h6 24. Ne5 Nd5 25. Rac1 Rd8 26. Nc5 Bd6 27. g3 Kf8 28. Kg2 Bxc5 29. dxc5 Be6 30. Re4 Ra5 31. Kg1 Nc7 1/2-1/2

[Event "Oberliga Baden 2223"]
[Site "Germany"]
[Date "2022.11.27"]
[Round "4.1"]
[White "Buhmann, Rainer"]
[Black "Dauner, Benedikt"]
[Result "1-0"]
[WhiteElo "2558"]
[BlackElo "2328"]
[PlyCount "65"]
[EventDate "2022.09.18"]
[EventType "team-tourn"]
[EventRounds "9"]
[EventCountry "GER"]
[SourceTitle "EXT 2024"]
[Source "ChessBase"]
[SourceDate "2023.10.10"]
[SourceVersion "1"]
[SourceVersionDate "2023.10.10"]
[SourceQuality "1"]
[WhiteTeam "Viernheim II"]
[BlackTeam "Karlsruhe"]
[WhiteTeamCountry "GER"]
[BlackTeamCountry "GER"]

1. d4 d5 2. Nf3 Nf6 3. c4 e6 4. e3 a6 5. b3 Nbd7 6. Bd3 b6 7. 0-0 Bb7 8. Qe2 g6 9. Nc3 Ne4 10. Bb2 Bg7 11. Rac1 0-0 12. Rfd1 Qe7 13. cxd5 exd5 14. Na4 Rfc8 15. h3 b5 16. Nc5 Rcb8 17. Nxd7 Qxd7 18. Ne5 Qd6 19. Qc2 Rc8 20. Nc6 Nf6 21. a4 bxa4 22. bxa4 Bxc6 23. Qxc6 Rcb8 24. Qxd6 cxd6 25. Ba3 Ne4 26. Bxe4 dxe4 27. Bxd6 Rb2 28. Bc7 Rb3 29. d5 Bf6 30. d6 Rd3 31. Rxd3 exd3 32. Rd1 Be5 33. f4 1-0

[Event "AUT-chT 2122"]
[Site "Austria"]
[Date "2022.04.23"]
[Round "11.6"]
[White "Gschiel, Alexander"]
[Black "Buhmann, Rainer"]
[Result "1-0"]
[WhiteElo "2064"]
[BlackElo "2570"]
[PlyCount "99"]
[EventDate "2021.11.04"]
[EventType "team-tourn"]
[EventRounds "11"]
[EventCountry "AUT"]
[SourceTitle "EXT 2023"]
[Source "ChessBase"]
[SourceDate "2022.10.05"]
[SourceVersion "1"]
[SourceVersionDate "2022.10.05"]
[SourceQuality "1"]
[WhiteTeam "Pamhagen"]
[BlackTeam "Maria Saal"]
[WhiteTeamCountry "AUT"]
[BlackTeamCountry "AUT"]

1. d4 Nf6 2. Nf3 e6 3. g3 b5 4. Bg2 Bb7 5. 0-0 Be7 6. a4 b4 7. c4 0-0 8. Nbd2 d6 9. Qc2 Nbd7 10. b3 c5 11. e3 Rc8 12. Bb2 d5 13. Rfd1 Qc7 14. Rac1 Qb8 15. dxc5 Nxc5 16. Nd4 Rfd8 17. cxd5 Nxd5 18. Nc4 Bf6 19. Nb5 Bxb2 20. Qxb2 Ba6 21. Ncd6 Nc3 22. Nxc8 Nxd1 23. Ne7+ Kf8 24. Qc2 Bxb5 25. Qxc5 Nc3 26. axb5 Qd6 27. Qxd6 Rxd6 28. Ra1 Kxe7 29. Rxa7+ Kf6 30. Bc6 Ne2+ 31. Kg2 Nc1 32. Rc7 Nxb3 33. b6 Nc5 34. b7 Na6 35. Bb5 Nb8 36. Rc8 b3 37. Rxb8 b2 38. Rf8 Rb6 39. Bd3 Rxb7 40. Bb1 h5 41. Kf3 g5 42. h3 Rb4 43. Ke2 Kg7 44. Ra8 h4 45. g4 Rb5 46. Kd2 f5 47. f3 Kf6 48. gxf5 exf5 49. Rf8+ Ke6 50. Rxf5 1-0

[Event "AUT-chT 2122"]
[Site "Austria"]
[Date "2022.03.27"]
[Round "8.3"]
[White "Richter, Nils"]
[Black "Buhmann, Rainer"]
[Result "1/2-1/2"]
[WhiteElo "2275"]
[BlackElo "2570"]
[PlyCount "87"]
[EventDate "2021.11.04"]
[EventType "team-tourn"]
[EventRounds "11"]
[EventCountry "AUT"]
[SourceTitle "EXT 2023"]
[Source "ChessBase"]
[SourceDate "2022.10.05"]
[SourceVersion "1"]
[SourceVersionDate "2022.10.05"]
[SourceQuality "1"]
[WhiteTeam "Goetzis"]
[BlackTeam "Maria Saal"]
[WhiteTeamCountry "AUT"]
[BlackTeamCountry "AUT"]

1. d4 Nf6 2. c4 e6 3. g3 Bb4+ 4. Nd2 0-0 5. Bg2 d6 6. Ngf3 Qe7 7. 0-0 Bxd2 8. Bxd2 a5 9. Qc2 e5 10. Bc3 e4 11. Nd2 Bf5 12. d5 Nbd7 13. Nb3 a4 14. Nd4 Bg6 15. Qc1 Rfe8 16. b3 Ne5 17. Qd2 Qd7 18. Qf4 c6 19. dxc6 bxc6 20. Rfd1 axb3 21. axb3 Rxa1 22. Bxa1 Qa7 23. Bc3 Qb6 24. h3 d5 25. cxd5 Nxd5 26. Qc1 Nxc3 27. Qxc3 Rd8 28. Ra1 c5 29. Nc2 Nc6 30. e3 h5 31. Bf1 Qb8 32. Qxc5 Ne5 33. Nd4 Nf3+ 34. Nxf3 exf3 35. b4 Qb7 36. b5 Rd5 37. Qc4 Rd2 38. Rc1 Qa7 39. Qc3 Qa2 40. Ra1 Qb2 41. Qxb2 Rxb2 42. Bc4 Be4 43. Rd1 Kf8 44. Bd5 1/2-1/2

[Event "AUT-chT 2122"]
[Site "Austria"]
[Date "2022.03.25"]
[Round "6.4"]
[White "Peyrer, Konstantin"]
[Black "Buhmann, Rainer"]
[Result "1/2-1/2"]
[WhiteElo "2295"]
[BlackElo "2570"]
[PlyCount "187"]
[EventDate "2021.11.04"]
[EventType "team-tourn"]
[EventRounds "11"]
[EventCountry "AUT"]
[SourceTitle "EXT 2023"]
[Source "ChessBase"]
[SourceDate "2022.10.05"]
[SourceVersion "1"]
[SourceVersionDate "2022.10.05"]
[SourceQuality "1"]
[WhiteTeam "Wien Ottakring"]
[BlackTeam "Maria Saal"]
[WhiteTeamCountry "AUT"]
[BlackTeamCountry "AUT"]

1. e4 e5 2. Nf3 Nc6 3. Bb5 a6 4. Ba4 Nf6 5. 0-0 Be7 6. Re1 b5 7. Bb3 d6 8. a4 Bd7 9. c3 0-0 10. d4 h6 11. Nbd2 Re8 12. Nf1 Bf8 13. Ng3 Na5 14. Bc2 c5 15. d5 c4 16. h3 Nb7 17. Be3 Nc5 18. Nd2 Qc7 19. a5 Nb7 20. Qf3 Be7 21. Ra3 Nxa5 22. Rea1 Nb7 23. Rxa6 Rxa6 24. Rxa6 Nc5 25. Bxc5 Qxc5 26. Nf5 Bxf5 27. Qxf5 Bd8 28. Nf1 Bb6 29. Ng3 Rb8 30. Qf3 Qc8 31. Ra2 Qd8 32. Nf5 h5 33. Ra6 g6 34. Ng3 Nd7 35. Nf1 Kg7 36. Qd1 Qh4 37. Qe1 Nc5 38. Ra1 Rf8 39. Nd2 Qf6 40. b4 cxb3 41. Nxb3 Nxb3 42. Bxb3 Rc8 43. Ra2 Qf4 44. Ra6 Bc5 45. Bc2 g5 46. Qe2 g4 47. Bd1 g3 48. Kf1 gxf2 49. Qxh5 Qxe4 50. Qg4+ Qxg4 51. Bxg4 Rc7 52. Be2 Rb7 53. Ra1 b4 54. cxb4 Rxb4 55. g4 Rb2 56. h4 e4 57. Rd1 Kf6 58. h5 Kg5 59. Rc1 e3 60. Ra1 Rd2 61. Rd1 Ra2 62. Rc1 Bd4 63. Rd1 Be5 64. Rb1 Rc2 65. Rd1 Rb2 66. Rc1 Ra2 67. Rb1 Ra5 68. Rd1 Kf4 69. Kg2 Ra2 70. Kf1 Ra8 71. Rc1 Kg3 72. Rd1 Rg8 73. Bd3 Kxg4 74. Ke2 Kf4 75. h6 Rg1 76. Rf1 f5 77. h7 Bd4 78. Bc2 Rxf1 79. Kxf1 Kf3 80. Bd1+ Kg3 81. h8Q Bxh8 82. Bf3 Bd4 83. Be2 Bc5 84. Bf3 Kf4 85. Be2 Ke4 86. Bf3+ Kd4 87. Bg2 Kd3 88. Bf3 e2+ 89. Bxe2+ Ke4 90. Bc4 f4 91. Ba2 Be3 92. Bb3 Kd4 93. Ba2 Kc3 94. Bb1 1/2-1/2

[Event "AUT-chT 2122"]
[Site "Austria"]
[Date "2022.03.24"]
[Round "5.3"]
[White "Buhmann, Rainer"]
[Black "Wagner, Dennis"]
[Result "1/2-1/2"]
[WhiteElo "2570"]
[BlackElo "2578"]
[PlyCount "70"]
[EventDate "2021.11.04"]
[EventType "team-tourn"]
[EventRounds "11"]
[EventCountry "AUT"]
[SourceTitle "EXT 2023"]
[Source "ChessBase"]
[SourceDate "2022.10.05"]
[SourceVersion "1"]
[SourceVersionDate "2022.10.05"]
[SourceQuality "1"]
[WhiteTeam "Maria Saal"]
[BlackTeam "Jenbach"]
[WhiteTeamCountry "AUT"]
[BlackTeamCountry "AUT"]

1. d4 Nf6 2. c4 g6 3. Nf3 Bg7 4. Nc3 d5 5. cxd5 Nxd5 6. e4 Nxc3 7. bxc3 c5 8. Bb5+ Nc6 9. 0-0 0-0 10. Bxc6 bxc6 11. Qc2 Bg4 12. Ne5 Bd7 13. Be3 Bxe5 14. dxe5 Qa5 15. f4 c4 16. f5 Qxe5 17. Bd4 Qc7 18. f6 exf6 19. Qd2 Qd6 20. Rxf6 Qe7 21. Qg5 Rfe8 22. Rd1 Rab8 23. Rdf1 c5 24. Bxc5 Rb5 25. Bxe7 Rxg5 26. Rxf7 Rf5 27. exf5 Kxf7 28. f6 Rb8 29. Rd1 Be6 30. Kf2 Rb2+ 31. Kf3 h5 32. Rd8 Bg4+ 33. Kg3 Rxa2 34. h4 Rc2 35. Ra8 Rxc3+ 1/2-1/2

[Event "AUT-chT 2122"]
[Site "Austria"]
[Date "2021.11.05"]
[Round "2.4"]
[White "Diermair, Andreas"]
[Black "Buhmann, Rainer"]
[Result "1/2-1/2"]
[WhiteElo "2494"]
[BlackElo "2570"]
[PlyCount "77"]
[EventDate "2021.11.04"]
[EventType "team-tourn"]
[EventRounds "11"]
[EventCountry "AUT"]
[SourceTitle "CBM 205 Extra"]
[Source "ChessBase"]
[SourceDate "2022.01.31"]
[SourceVersion "1"]
[SourceVersionDate "2022.01.31"]
[SourceQuality "1"]
[WhiteTeam "Raika Feffernitz"]
[BlackTeam "Maria Saal"]
[WhiteTeamCountry "AUT"]
[BlackTeamCountry "AUT"]

1. e4 e5 2. Nf3 Nc6 3. Bc4 Nf6 4. d4 exd4 5. e5 d5 6. Bb5 Nd7 7. 0-0 Be7 8. Bxc6 bxc6 9. Nxd4 Nb8 10. Nc3 0-0 11. Qf3 Re8 12. Re1 Bc5 13. Be3 Bxd4 14. Bxd4 Qh4 15. Qd1 Bf5 16. Qd2 Nd7 17. f3 h6 18. b3 Qg5 19. Qf2 a5 20. Na4 h5 21. Qg3 Qxg3 22. hxg3 Re6 23. Rac1 Rae8 24. Bc3 Ra8 25. Bd4 Rae8 26. Kf2 c5 27. Nxc5 Nxc5 28. Bxc5 Rxe5 29. Bd4 Rxe1 30. Rxe1 Rxe1 31. Kxe1 Bxc2 32. Kd2 Bb1 33. a4 Kf8 34. Be5 c6 35. Kc3 Ke7 36. Bxg7 c5 37. Be5 Kd7 38. Bf6 Bf5 39. Bg5 1/2-1/2

[Event "Oberliga Baden 2122"]
[Site "Germany"]
[Date "2021.10.24"]
[Round "2.2"]
[White "Podat, Vladimir"]
[Black "Buhmann, Rainer"]
[Result "0-1"]
[WhiteElo "2285"]
[BlackElo "2580"]
[PlyCount "44"]
[EventDate "2021.10.10"]
[EventType "team-tourn"]
[EventRounds "11"]
[EventCountry "GER"]
[SourceTitle "EXT 2023"]
[Source "ChessBase"]
[SourceDate "2022.10.05"]
[SourceVersion "1"]
[SourceVersionDate "2022.10.05"]
[SourceQuality "1"]
[WhiteTeam "Untergrombach"]
[BlackTeam "Hockenheim"]
[WhiteTeamCountry "GER"]
[BlackTeamCountry "GER"]

1. d4 d5 2. c4 e6 3. Nc3 Nf6 4. cxd5 exd5 5. Bg5 Be7 6. e3 0-0 7. Bd3 Re8 8. Qc2 h6 9. Bh4 c5 10. dxc5 d4 11. Rd1 dxc3 12. Bxf6 Bxf6 13. Bh7+ Kh8 14. Rxd8 Rxd8 15. Be4 cxb2 16. Ne2 Nc6 17. 0-0 Be6 18. a3 Rac8 19. Bxc6 Rxc6 20. Nd4 Rxd4 21. exd4 Bxd4 22. Qa4 Bxc5 0-1

[Event "Bundesliga 1920"]
[Site "Germany"]
[Date "2021.10.14"]
[Round "9.6"]
[White "Kramer, Julian"]
[Black "Buhmann, Rainer"]
[Result "1/2-1/2"]
[WhiteElo "2408"]
[BlackElo "2565"]
[PlyCount "56"]
[EventDate "2019.11.23"]
[EventType "team-tourn"]
[EventRounds "15"]
[EventCountry "GER"]
[SourceTitle "EXT 2022"]
[Source "ChessBase"]
[SourceDate "2021.10.06"]
[SourceVersion "1"]
[SourceVersionDate "2021.10.06"]
[SourceQuality "1"]
[WhiteTeam "Hamburger SK"]
[BlackTeam "Hockenheim"]
[WhiteTeamCountry "GER"]
[BlackTeamCountry "GER"]

1. e4 e6 2. d4 d5 3. Nd2 c5 4. Ngf3 cxd4 5. Nxd4 Nf6 6. exd5 Nxd5 7. N2f3 Bb4+ 8. Bd2 0-0 9. Bxb4 Nxb4 10. a3 N4c6 11. Nxc6 Nxc6 12. Qxd8 Rxd8 13. Bd3 Bd7 14. 0-0-0 h6 15. b4 Kf8 16. Kb2 Ke7 17. Rhe1 Be8 18. c4 Rac8 19. Kc3 b6 20. Be4 Rxd1 21. Rxd1 g5 22. g4 Kf6 23. h3 a5 24. Re1 Na7 25. Kd3 Rd8+ 26. Kc3 Rc8 27. Kd3 Rd8+ 28. Kc3 Rc8 1/2-1/2

[Event "EU-Cup Online Play-A"]
[Site "Tornelo INT"]
[Date "2021.03.29"]
[Round "1.3"]
[White "Buhmann, Rainer"]
[Black "Wieczorek, Oskar"]
[Result "1/2-1/2"]
[WhiteElo "2580"]
[BlackElo "2498"]
[PlyCount "168"]
[EventDate "2021.03.29"]
[EventType "team-tourn (rapid)"]
[EventRounds "5"]
[EventCountry "NET"]
[SourceTitle "CBM 201 Extra"]
[Source "ChessBase"]
[SourceDate "2021.05.31"]
[SourceVersion "1"]
[SourceVersionDate "2021.05.31"]
[SourceQuality "1"]
[WhiteTeam "Hockenheim"]
[BlackTeam "Wroclaw Polonia"]
[WhiteTeamCountry "GER"]
[BlackTeamCountry "POL"]

1. d4 Nf6 2. Nf3 g6 3. c4 Bg7 4. e3 0-0 5. Be2 c5 6. d5 d6 7. Nc3 e6 8. 0-0 exd5 9. cxd5 Re8 10. Nd2 Na6 11. Nc4 Nc7 12. a4 b6 13. f3 Ba6 14. e4 Rb8 15. Bg5 Bxc4 16. Bxc4 a6 17. Qe2 Qc8 18. Rab1 Nd7 19. f4 Qb7 20. Qg4 Qc8 21. e5 b5 22. exd6 bxc4 23. dxc7 Qxc7 24. f5 Bd4+ 25. Kh1 Ne5 26. Qg3 Qd7 27. Ne4 Nd3 28. Nf6+ Bxf6 29. Bxf6 Qxd5 30. Bc3 Rb7 31. Qh4 Re2 32. Rf3 Ne5 33. Qf6 Rd7 34. fxg6 hxg6 35. Rbf1 Qd6 36. Qh4 f5 37. Rh3 Rg7 38. Qh8+ Kf7 39. Qa8 Qc6 40. Qxc6 Nxc6 41. Bxg7 Kxg7 42. Rc3 Ne5 43. Rb1 Kf6 44. Kg1 f4 45. h3 g5 46. Kf1 Rd2 47. a5 Kf5 48. b3 Ra2 49. bxc4 Rxa5 50. Re1 Ra4 51. Rc2 Nxc4 52. Kf2 Kf6 53. g3 fxg3+ 54. Kxg3 Ra3+ 55. Kf2 Ne5 56. Re3 Ra5 57. Kg3 c4 58. h4 gxh4+ 59. Kxh4 Rd5 60. Kg3 Rd3 61. Kf4 Rxe3 62. Kxe3 Kf5 63. Kd4 Nf3+ 64. Kxc4 Ne5+ 65. Kd5 Nf3 66. Ra2 Kf4 67. Rxa6 Ke3 68. Ra3+ Kf4 69. Ra4+ Ke3 70. Re4+ Kd3 71. Re8 Nd2 72. Ra8 Ke3 73. Ra3+ Kf4 74. Ra4+ Ke3 75. Rh4 Nf3 76. Re4+ Kd3 77. Re7 Nd2 78. Ra7 Ke3 79. Ra2 Nf3 80. Ra3+ Kf4 81. Rd3 Ng5 82. Rd1 Nf3 83. Rd3 Ng5 84. Ra3 Nf3 1/2-1/2

[Event "EU-Cup Online Play-A"]
[Site "Tornelo INT"]
[Date "2021.03.29"]
[Round "5.2"]
[White "Van Wely, Loek"]
[Black "Buhmann, Rainer"]
[Result "0-1"]
[WhiteElo "2620"]
[BlackElo "2580"]
[PlyCount "146"]
[EventDate "2021.03.29"]
[EventType "team-tourn (rapid)"]
[EventRounds "5"]
[EventCountry "NET"]
[SourceTitle "CBM 201 Extra"]
[Source "ChessBase"]
[SourceDate "2021.05.31"]
[SourceVersion "1"]
[SourceVersionDate "2021.05.31"]
[SourceQuality "1"]
[WhiteTeam "Clichy Echecs 92"]
[BlackTeam "Hockenheim"]
[WhiteTeamCountry "FRA"]
[BlackTeamCountry "GER"]

1. c4 e6 2. Nc3 d5 3. d4 Nf6 4. cxd5 exd5 5. Bg5 Be7 6. e3 0-0 7. Bd3 Re8 8. Nf3 h6 9. Bh4 c6 10. Qc2 Ne4 11. Bxe7 Qxe7 12. 0-0 Bf5 13. Rab1 Nd7 14. b4 Nxc3 15. Qxc3 Bxd3 16. Qxd3 a6 17. Rfc1 Nb6 18. Nd2 Nc8 19. a4 Nd6 20. Nb3 Qg5 21. Nc5 Re7 22. Qd1 Rae8 23. Qf3 Nf5 24. g3 Nd6 25. h4 Qg6 26. h5 Qg5 27. Qf4 Rd8 28. Qxg5 hxg5 29. g4 Kh7 30. Kg2 f6 31. Kf3 Rf8 32. Ke2 Kh6 33. Rh1 f5 34. gxf5 Nxf5 35. Kd2 g4 36. Rbf1 Rf6 37. Nd3 g3 38. fxg3 Nxg3 39. Rxf6+ gxf6 40. Rh3 Ne4+ 41. Ke2 Rg7 42. Nc5 Rg2+ 43. Kf1 Rb2 44. Nxe4 dxe4 45. Rh4 f5 46. Rf4 Kg5 47. h6 Rh2 48. a5 Rxh6 49. Kg2 Rh4 50. Rf1 f4 51. exf4+ Rxf4 52. Re1 Kf5 53. Re3 Rh4 54. Kg3 Rh1 55. Rc3 Rg1+ 56. Kf2 Rg5 57. Rh3 Kf4 58. Rh4+ Rg4 59. Rh7 e3+ 60. Ke2 Rg2+ 61. Kf1 Rb2 62. Rxb7 Ke4 63. Re7+ Kd3 64. Re5 Rxb4 65. d5 Rb1+ 66. Kg2 cxd5 67. Rxd5+ Ke4 68. Rd8 e2 69. Re8+ Kd3 70. Rd8+ Kc3 71. Rc8+ Kd4 72. Rd8+ Kc5 73. Rc8+ Kd6 0-1